La escuela vuela / (Registro nro. 10070)

Detalles MARC
000 -CABECERA
Longitud fija campo de control 00935nam a2200277 a 4500
003 - • IDENTIFICADOR DELl NÚMERO DE CONTROL
Identificador del número de control CO-ViMGA
005 - • FECHA Y HORA DE LA ÚLTIMA TRANSACCIÓN
Fecha y hora de la última transacción 20230915223426.0
008 - • CÓDIGOS DE INFORMACIÓN DE LONGITUD FIJA
Códigos de información de longitud fija 141112s2004 ck r 000 u spa d
020 ## - • NÚMERO INTERNACIONAL NORMALIZADO PARA LIBROS
Número Internacional Normalizado para Libros (ISBN) 9681654595
040 ## - FUENTE DE LA CATALOGACIÓN
Centro catalogador de origen CO-ViMGA
Lengua de catalogación spa
Centro transcriptor CO-ViMGA
041 ## - • CÓDIGO DE LENGUA
Código de lengua del texto/banda sonora o título independiente spa ger
043 ## - CÓDIGO DE ÁREA GEOGRÁFICA
Código de área geográfica e - sz - - -
100 1# - • PUNTO DE ACCESO PRINCIPAL-NOMBRE DE PERSONA
Nombre de persona Hasler, Eveline, 1933 -
245 10 - • TITULO PROPIAMENTE DICHO
Título La escuela vuela /
Mención de responsabilidad, etc. Everline Hasler ; ilustraciones de Juan Gedovius ; traducción de Ana Garralón.
300 ## - • DESCRIPCIÓN FÍSICA
Extensión 38 p. : il. ; 20 cm.
490 0# - • MENCIÓN DE SERIE
Mención de serie A la orilla del viento. para los que están aprendiendo a leer ; 92
650 14 - • PUNTO DE ACCESO ADICIONAL DE MATERIA - TÉRMINO DE MATERIA
Término de materia o nombre geográfico como elemento inicial Cuentos infantiles suizos.
700 1# - • PUNTO DE ACCESO ADICIONAL - NOMBRE DE PERSONA
Nombre de persona Garralón, Ana, 1965 - , tr. ; Gedovius, Juan, il.
942 ## - ENTRADA DE ELEMENTOS AGREGADOS (KOHA)
Fuente de clasificaión o esquema Dewey Decimal Classification
Koha [por defecto] tipo de item LIbro
949 ## - TRATAMIENTO DE LA INFORMACIÓN LOCAL (OCLC)
a n n
Existencias
Perdido Fuente de clasificación o esquema Estado Físico No para préstamo Forma de adquisición Localización permanente Localización actual Fecha adquisición Serie de enumeración / cronolog&íacute;a Préstamos totales Signatura completa Código de barras Fecha última consulta Número de copia Fecha del precio de reemplazo Tipo de item de Koha Localización en estanterías
  Dewey Decimal Classification     Colección General Biblioteca Pública San Carlos de Guaroa - Eduardo Carranza Biblioteca Pública San Carlos de Guaroa - Eduardo Carranza 02/19/2025     C HAS1 SG02423 02/19/2025 Ej.1 02/19/2025 LIbro Sala Infantil
  Dewey Decimal Classification     Colección General Biblioteca Pública Barranca de Upia - María Dolores Herrera Biblioteca Pública Barranca de Upia - María Dolores Herrera 09/21/2023     C HAS1 BUP00627 09/21/2023 Ej.1 09/21/2023 LIbro Literatura
  Dewey Decimal Classification     Infantil Biblioteca Pública Guamal Biblioteca Pública Guamal 05/14/2024     C HAS1 GUA003795 05/14/2024 Ej.1 05/14/2024 Libro Infantil Literatura
  Dewey Decimal Classification     Colección General Biblioteca Pública Uribe - Reinerio Arenas Biblioteca Pública Uribe - Reinerio Arenas 12/26/2024     C HAS1 URI02050 12/26/2024 Ej.1 12/26/2024 Libro Literatura Literatura
  Dewey Decimal Classification     Sala General Estacion de Lectura Apiay - Villavicencio Estacion de Lectura Apiay - Villavicencio 12/04/2015 18/feb/2015   C HASe 28242 12/04/2015 Ej. 1 12/04/2015 LIbro  









Instituto Departamental de Cultura del Meta - Red Departamental de Bibliotecas Públicas del Meta.